| 000 | 02360nam0a2200385 4500 | ||
|---|---|---|---|
| 001 | RU\NLR\bibl\265799 | ||
| 005 | 20250620131356.0 | ||
| 021 |
_aRU _b2001-61731 _93008 |
||
| 035 | _a(NLR Aleph) 000261379 | ||
| 090 |
_a1526881 _c1526881 |
||
| 100 | _a20020426d2001 |||y0rusy50 ca | ||
| 101 | 0 | _arus | |
| 102 | _aRU | ||
| 105 | _ay ||||||||| | ||
| 200 | 1 |
_aОрганизация и методика прокурорского надзора за законностью правовых актов законодательных (представительных) и исполнительных органов государственной власти субъектов Российской Федерации и органов местного самоуправления в бюджетной сфере _eУчеб. пособие _fВ. Н. Осипкин, А. Е. Скачкова _gС.-Петерб. юрид. ин-т Генер. прокуратуры Рос. Федерации |
|
| 210 |
_aСПб. _cСПбЮИ _d2001 |
||
| 215 |
_a103 с. _d21 |
||
| 300 | _aНа обл.: К юбилею ин-та 1 окт. 2001 г. Ин-ту-35 лет | ||
| 606 | 0 |
_aБюджет _jРуководства, пособия и т.п. _xЗаконность _xПрокурорский надзор _yРоссийская Федерация _92251017 _3RU\NLR\auth\661350206 |
|
| 606 | 0 |
_aБюджет _jУчебные издания для высшей школы _xЗаконность _xПрокурорский надзор _yРоссийская Федерация _92251017 _3RU\NLR\auth\661350206 |
|
| 610 | 0 | _aБюджеты федеральные - Исполнение - Контроль | |
| 610 | 0 | _aПравотворчество в субъектах Российской Федерации - Прокурорский надзор | |
| 610 | 0 | _aРоссийская Федерация, право | |
| 675 |
_a347.963(470)(075.8) _v3 _zrus |
||
| 686 |
_a10.31 _2rugasnti |
||
| 686 |
_a67.72я73 _2rubbk |
||
| 686 | _aХ629.121я73 | ||
| 700 | 1 |
_aОсипкин _bВ. Н. _gВладимир Николаевич _4070 |
|
| 701 | 1 |
_aСкачкова _bА. Е. _gАнна Евгеньевна _4070 |
|
| 801 | 0 |
_aRU _bRKP _c20020426 _gPSBO |
|
| 801 | 1 |
_aRU _bRKP _c20020426 |
|
| 801 | 2 |
_aRU _bNLR _c20020712 _grcr |
|
| 942 | _cBOOK | ||
| 980 | _aNB | ||